El mundo del Número: E.G.B., 8

-д хадгалсан:
Номзүйн дэлгэрэнгүй
Үндсэн зохиолчид: Oehl, W. (autor), Palzkill, L (Зохиогч)
Формат: Ном
Хэл сонгох:испани
Хэвлэсэн: Santiago Didascalia 1982
Нөхцлүүд:
Шошгууд: Шошго нэмэх
Шошго байхгүй, Энэхүү баримтыг шошголох эхний хүн болох!

MARC

LEADER 00000nam a2200000 a 4500
001 UCW5474
003 CL-VaPUC
008 910425e19820000CL |||||||||||||||||spa|d
082 0 4 |a 372.7  |b OEH  |2 21 
100 |a Oehl, W.  |e autor  |9 310480 
700 0 |a Palzkill, L  |e author  |9 310481 
245 1 3 |a El mundo del Número: E.G.B., 8 
300 |a 144 p 
942 |c BK 
945 |d 19910425 00:00:00 
260 |a Santiago  |b Didascalia  |c 1982 
650 7 |a MATEMATICAS LIBROS DE TEXTO  |2 CL-VaPUC  |9 310233 
583 |a last modification  |c 19910425 00:00:00  |k Rodrigo Vera 
999 |c 218913  |d 218911 
952 |0 0  |1 0  |4 0  |6 372_700000000000000_OEH_1982  |7 0  |8 P  |9 209231  |a BIBEDU  |b BIBEDU  |c BIBEDU_PB  |d 2019-11-15  |i 2770113  |o 372.7 OEH 1982  |p 2770113  |r 2024-01-25  |w 2019-11-15  |y BK  |k EDU